000 00453nam a2200181Ia 4500
001 9145
005 20260306160702.0
008 260306t2016||||xx |||||||||||||| ||spa||
041 _aESP
082 _a372.89
_bM97
100 _aMurphy, Julia
_eAUT
245 0 _aMás de 100 ideas para enseñar historia:
_bprimaria y secundaria
260 _c2016
300 _a200 páginas :
_c23 cm.
650 _aGEN
654 _aCED
942 _cLIB
_dJUS
_fJUS
_2ddc
_n
999 _c9145
_d9145